[Event "Galapagar op 10th"]
[Site "Galapagar"]
[Date "2009.07.18"]
[Round "1"]
[White "Isasa Moreira, Conrado"]
[Black "Semprun Martinez, Fernando M"]
[Result "0-1"]
[WhiteElo "1792"]
[BlackElo "2179"]
[PlyCount "106"]
[EventDate "2009.07.18"]
[EventType "swiss"]
[EventRounds "9"]
[EventCountry "ESP"]
[SourceTitle "EXT 2010"]
[Source "ChessBase"]
[SourceDate "2010.11.25"]
[SourceVersion "1"]
[SourceVersionDate "2010.11.25"]
[SourceQuality "1"]

1. Nf3 c5 2. c4 Nc6 3. g3 g6 4. Bg2 Bg7 5. Nc3 e5 6. e4 Nge7 7. 0-0 0-0 8. d3 d6 9. a3 f5 10. Rb1 a5 11. Bg5 h6 12. Bxe7 Qxe7 13. Nd5 Qd8 14. Qb3 a4 15. Qb6 Ra6 16. Qxd8 Rxd8 17. Nh4 Kh7 18. Bh3 f4 19. Bxc8 Rxc8 20. Kg2 Rf8 21. Nc7 Rb6 22. Nd5 Rb3 23. Rfd1 Nd4 24. Nf3 fxg3 25. Nxd4 exd4 26. fxg3 b5 27. cxb5 Rxb5 28. Nc7 Rb3 29. Ne6 Rfb8 30. Rd2 Kg8 31. Nxg7 Kxg7 32. Kh3 Rxa3 33. bxa3 Rxb1 34. Kg4 Rb3 35. Kf4 Rxa3 36. e5 Kf7 37. exd6 Ke6 38. Ke4 Kxd6 39. Rf2 Ke7 40. Rb2 Rb3 41. Rc2 Rb5 42. Ra2 Ra5 43. Kd5 a3 44. Kc4 Kd6 45. Kb3 Kd5 46. Rf2 a2 47. Rxa2 Rxa2 48. Kxa2 c4 49. Kb2 cxd3 50. Kc1 g5 51. Kd2 Ke4 52. Kd1 Ke3 53. Ke1 g4 0-1

[Event "Madrid San Viator op 12th"]
[Site "Madrid"]
[Date "2009.06.20"]
[Round "7"]
[White "Salcedo Tornero, Pablo"]
[Black "Isasa Moreira, Conrado"]
[Result "1-0"]
[WhiteElo "2165"]
[BlackElo "1786"]
[PlyCount "67"]
[EventDate "2009.05.10"]
[EventType "swiss"]
[EventRounds "9"]
[EventCountry "ESP"]
[SourceTitle "EXT 2010"]
[Source "ChessBase"]
[SourceDate "2010.11.25"]
[SourceVersion "1"]
[SourceVersionDate "2010.11.25"]
[SourceQuality "1"]

1. e4 Nf6 2. Nc3 d5 3. e5 Ne4 4. Qf3 Nxc3 5. dxc3 g6 6. Bf4 Bg7 7. 0-0-0 c6 8. Ne2 Qa5 9. Kb1 c5 10. Nc1 e6 11. Qe3 Qc7 12. Nb3 c4 13. Nd4 a6 14. Be2 Nc6 15. Nf3 Ne7 16. g4 b5 17. Bh6 0-0 18. h4 Qa7 19. Nd4 Bd7 20. h5 b4 21. cxb4 Rfb8 22. hxg6 Nxg6 23. Bxg7 Kxg7 24. Qh6+ Kg8 25. f4 Rxb4 26. f5 Rxb2+ 27. Kxb2 c3+ 28. Kb1 exf5 29. Nb3 f4 30. Bd3 Nf8 31. Bxh7+ Nxh7 32. Qxh7+ Kf8 33. Qh8+ Ke7 34. Qf6+ 1-0

[Event "Galapagar op 09th"]
[Site "Galapagar"]
[Date "2008.07.20"]
[Round "2"]
[White "Osorio Ramos, Francisco"]
[Black "Isasa Moreira, Conrado"]
[Result "1-0"]
[WhiteElo "1940"]
[BlackElo "1659"]
[PlyCount "91"]
[EventDate "2008.07.19"]
[EventType "swiss"]
[EventRounds "9"]
[EventCountry "ESP"]
[SourceTitle "EXT 2009"]
[Source "ChessBase"]
[SourceDate "2008.11.26"]
[SourceVersion "1"]
[SourceVersionDate "2008.11.26"]
[SourceQuality "1"]

1. d4 Nf6 2. c4 c5 3. Nf3 cxd4 4. Nxd4 Nc6 5. Nc3 g6 6. e4 Bg7 7. Be3 0-0 8. Be2 d6 9. 0-0 Bd7 10. f3 a6 11. Qd2 Rc8 12. Rfd1 Qa5 13. Rac1 Nh5 14. Nb3 Qd8 15. Nd5 Be6 16. Bb6 Qd7 17. Be3 Bxd5 18. cxd5 Ne5 19. g4 Nf6 20. h3 h5 21. g5 Qxh3 22. gxf6 Bxf6 23. Bf2 Kh7 24. Qf4 h4 25. Nd4 Bg7 26. Qxh4+ Qxh4 27. Bxh4 Rxc1 28. Rxc1 Re8 29. Bf2 Bh6 30. Rc7 b5 31. b3 Bg5 32. Nc6 Nxc6 33. dxc6 Kg7 34. Ra7 e5 35. Rxa6 Rc8 36. Bxb5 Bd8 37. Bb6 Kf8 38. Bxd8 Rxd8 39. Bc4 Rc8 40. Bd5 Rc7 41. b4 Ke8 42. b5 Kd8 43. Ra8+ Rc8 44. Rxc8+ Kxc8 45. Bxf7 Kc7 46. Bxg6 1-0